Statistics for Ranger's Apprentice Test--Hard

Click here to take the quiz!

General Stats

  • This quiz has been taken 366 times
    (361 since last reset)
  • The average score is 8 of 20

Answer Stats

Question Answer % Correct
What is Evanlyn's real name?Cassandra
91%
What is the emblem of the Ranger Corps?Oakleaf
85%
What can Morgarath control with his mind?Wargals
75%
What is a Ranger's primary weapon?Longbow
72%
Who is infamous for hitting people with ladles?Master Chubb
59%
What was Will given as a slave?Warmweed
55%
What does Halt use to cut his hair?His saxe knife
53%
What beasts have a weakness to fire?Kalkara
52%
Who is Halt's brother?King Ferris
44%
What did Horace's nickname, Kurokuma, mean?Black bear
34%
What did Oberjarl Ragnak swear against Duncan's family?Vallasvow
32%
What is Will's father's name?Daniel
31%
Who does Will give John Buttle to?Skandians
30%
An archer practices until he gets it right. A ranger practices...Until he never gets it wrong.
29%
What is Will writing in the Lost Story 'Purple Prose'?Wedding toast
29%
What civilization called Will Chocho?Nihon-Jan
21%
What kind of dog is Shadow?Border shepherd
13%
Who did the Outsiders worship?Alseiass, the Golden God
9%
Who posed as the Wakir of the Arridi?Aman
3%
What did the Genovesan Bacari use to poison Halt?White aracoina
1%

Score Distribution

Percentile by Number Answered

Percent of People with Each Score

Your Score History

You have not taken this quiz since the last reset